00485 2200193 4500001002100000005001500021008004100036020002200077035001900099041000700118082000800125090001400133100002900147245002400176260003200200300002200232500001000254650002700264INLIS00000000000441320241224112915241224||||||||| | ||| |||| || |  a978-979-661-269-7 0010-1224004413 aid0 a747 a747.7 KIT0 aTIM PENULIS GRIYA KREASI00aKITCHEN SET FAVORIT aJakartabGriya Kreasic2016 a162 HAL,; 22,9 CM aCET 1 0aILMU SENI DAN OLAHRAGA